00461nam a2200193 a 4500001001300000003000900013005001700022008004100039020000900080082001600089100001900105245002700124260003100151300000900182500003500191505001000226650001200236700001900248nice12345678IN_TiNIC20260116011347.0050524s1968 luca grp 000 0 urd  ac1400a891.41bMAS aMasihul, Zaman aUrdu Marsiya Ka Irteqa aLucknowbKitab Nagarc1968 a491p aincludes index and biblioraphy2 aIndex aMarsiya1 aMasihul, Zaman